000 01729cam a2200229 4500
001 ABS67076
008 030930n2003 000 0 eng u
035 _a(Sirsi) u123757
100 _aMorrison, N.
245 _aAssessing the need for key-worker housing: a case study of Cambridge
260 _c2003
490 _aTown Planning Review
_v74(3) July 2003, 281-300 (20)
520 _aProvides a case study on the nature and extent of the key-worker housing problem in Cambridge, which seeks to inform the debate about the housing affordability problems in high-cost locations in England, particularly for public sector employees. Recognises that, although the government has advised local planning authorities to carry out local assessments of key-worker housing needs and to provide solutions, little guidance exists with regard to defining key workers and key-worker housing nor on the undertaking of local assessments. Using published statistics and extensive surveys of local employers/employees, the study proposes that key-worker housing policies should be included in the Cambridge Local Plan. Concludes that broad definitions of key workers and key-worker housing should be adopted, the latter to include subsidised rented housing, shared and discounted market ownership and fixed equity tenure. Tables covering local household projections, house price/income ratios, incomes, public sector salaries and earnings per worker category, and housing costs/income range figures. References.
590 _aABS
650 _aLOCAL PLANNING AUTHORITIES
650 _aCAMBRIDGE
650 _aKEY WORKERS
650 _aSUBSIDISED HOUSING
650 _aSHARED OWNERSHIP
690 _aHOUSING-DEVELOPMENT
942 _n0
999 _c73487
_d73487